Statistics for Top 10 Most Populous Asian Countries

Click here to take the quiz!

General Stats

  • This quiz has been taken 49,063 times
  • The average score is 9 of 10

Answer Stats

Population Country % Correct
1428 milChina
100%
1369 milIndia
99%
126.9 milJapan
96%
269.5 milIndonesia
94%
204.6 milPakistan
91%
168.1 milBangladesh
85%
97.4 milVietnam
85%
82.8 milIran
84%
108.1 milPhilippines
81%
71.0 milTurkey
69%

Score Distribution

Percentile by Number Answered

Percent of People with Each Score

Your Score History

You have not taken this quiz